| 000 | 00440nam a22001457a 4500 | ||
|---|---|---|---|
| 020 | _a0071236716 | ||
| 040 | _cNUST | ||
| 082 |
_a621.815 _bNOR |
||
| 100 | _a Norton, Robert L. | ||
| 245 |
_aDesign of Machinery : _bAn Introduction to the Synthesis and Analysis of Mechanisms and Machines |
||
| 250 | _a3rd Edition | ||
| 260 |
_aBoston, _bMcGraw-Hill Higher Education, _c2004. |
||
| 650 |
_aDesign of Machinery _9125384 |
||
| 942 |
_2ddc _cBK |
||
| 999 |
_c611137 _d611137 |
||